Online Catalogue and eLibrary

The Tamil Plutarch (Record no. 5934)

MARC details
000 -LEADER
fixed length control field 00471nam a22001817a 4500
005 - DATE AND TIME OF LATEST TRANSACTION
control field 20241128013754.0
008 - FIXED-LENGTH DATA ELEMENTS--GENERAL INFORMATION
fixed length control field 241128b |||||||| |||| 00| 0 eng d
082 ## - DDC Classification
DDC Edition Number 22
Class No. 894
Item Number - Author Mark SIM
100 ## - MAIN ENTRY--PERSONAL NAME
Personal name Chitty, Casie Simon
245 ## - TITLE STATEMENT
Title The Tamil Plutarch
250 ## - EDITION STATEMENT
Edition statement Second Revised Edition
260 ## - PUBLICATION, DISTRIBUTION, ETC.
Place of publication, distribution, etc. New Delhi
Name of publisher, distributor, etc. Asian Educational Services
Date of publication, distribution, etc. 1982
300 ## - PHYSICAL DESCRIPTION
Extent (e.g. Volumes, Pages etc.) 135 p .,
650 ## - SUBJECT ADDED ENTRY--TOPICAL TERM
Topical term or geographic name entry element Tamil Poems
650 ## - SUBJECT ADDED ENTRY--TOPICAL TERM
Topical term or geographic name entry element English Language
650 ## - SUBJECT ADDED ENTRY--TOPICAL TERM
Topical term or geographic name entry element Tamil literature
942 ## - Koha item type (Biblio)
Koha item type Books in Stacks (Lending)
Holdings
Lost status Damaged status Collection code Home library Current library Date acquired Full call number Accession Number Item type
    Lending WERC Library WERC Library 11/28/2024 894 SIM 1696 Books in Stacks (Lending)

© WERC Library